Flood : wrestling with the Mississippi /

Describes the severe flooding of the Mississippi River in 1993, the effects on people near the river and the aftermath.

Bibliographic Details
Main Author: Lauber, Patricia
Format: Book
Language:English
Published: Washington, D.C. : National Geographic Society ; [1996]
Subjects:

MARC

Tag First Indicator Second Indicator Subfields
LEADER 00000cam a2200000 a 4500
001 in00001396830
005 20151020052628.0
008 951122s1996 dcuab j 001 0 eng
010 |a  95047338  
020 |a 079224141X 
035 |a (OCoLC)33863210 
035 |9 AHM5041AM 
040 |a DLC  |c DLC  |d TXA  |d UtOrBLW 
043 |a n-usm-- 
049 |a TXAM 
050 0 0 |a GB1399.4.M72  |b L38 1996 
082 0 0 |a 363.3/493/0977  |2 20 
100 1 |a Lauber, Patricia. 
245 1 0 |a Flood :  |b wrestling with the Mississippi /  |c by Patricia Lauber. 
264 1 |a Washington, D.C. :  |b National Geographic Society ;  |c [1996] 
264 2 |a Emeryville, Calif. :  |b Distributed by Publishers Group West, 
264 4 |c ©1996 
300 |a 63 pages :  |b illustrations (some color), color maps ;  |c 28 cm. 
336 |a text  |b txt  |2 rdacontent 
337 |a unmediated  |b n  |2 rdamedia 
338 |a volume  |b nc  |2 rdacarrier 
500 |a Includes index. 
520 |a Describes the severe flooding of the Mississippi River in 1993, the effects on people near the river and the aftermath. 
650 0 |a Floods  |z Mississippi River  |x Juvenile literature. 
650 1 |a Floods  |z Mississippi River. 
999 |a MARS 
999 f f |s 850c53f6-1667-30ee-890a-79191870d945  |i 756b2779-c89b-367d-b1c3-38c77172aeb6  |t 0 
952 f f |p normal  |a Texas A&M University  |b College Station  |c Sterling C. Evans Library  |d Evans: Curriculum Collection (4th floor)  |t 0  |e GB1399.4.M72 L38 1996  |h Library of Congress classification  |i unmediated -- volume  |m A14822252109 
998 f f |a GB1399.4.M72 L38 1996  |t 0  |l Evans: Curriculum Collection (4th floor)